| 000 | 00676nac a22002051u 4500 | ||
|---|---|---|---|
| 010 | _a 87010257 | ||
| 020 | _a0398053812 | ||
| 082 | 0 | 0 |
_a363.3764 _bYER |
| 090 |
_c5972 _d5972 |
||
| 100 | _aYereance, Robert A., | ||
| 245 | 1 | 0 |
_aElectrical fire analysis / _cby Robert A. Yereance. |
| 260 |
_aSpringfield, Ill., U.S.A. : _bC.C. Thomas,c1987. _cc1987. |
||
| 300 |
_axv, 263 p. ; _c26 cm. |
||
| 500 | _aIncludes index. | ||
| 500 | _aDistributer: Al-Ahram. | ||
| 511 | _aCatalogued By: Mahitab. | ||
| 650 | 0 | _aFire investigation. | |
| 650 | 0 |
_aElectric apparatus and appliances _xFires and fire prevention. |
|
| 942 |
_cBB _k363.3764YER |
||
| 999 |
_c5972 _d5972 |
||